| 000 | 00917nam a2200205 4500 | ||
|---|---|---|---|
| 001 | 122175 | ||
| 003 | ES-MaACL | ||
| 005 | 20260127062544.0 | ||
| 007 | t| | ||
| 008 | 070214s1953 sp r ||||1| spa d | ||
| 100 | 0 |
_aPrieto-Castro y Ferrándiz, Leonardo _993919 |
|
| 245 | 1 | 0 |
_aConstrucción dogmática del Ministerio Fiscal en el orden civil _b: discurso / _cleído el día 20 de abril de 1953 en su recepción pública por el Excmo. Sr. D. Leonardo Prieto Castro ; y contestación del Excmo. Sr. D. Eloy Montero Gutiérrez. |
| 260 |
_aMadrid : _b[s. n.], _c1953 ( _fImp. Vda. de Galo Sèz) |
||
| 300 |
_a168 p. ; _c24 cm. |
||
| 500 | _aPrecede al tít.: Real Academia de Jurisprudencia y Legislación. | ||
| 700 | 1 |
_aMontero Gutiérrez, Eloy. _982525 |
|
| 700 |
_aReal Academia de Jurisprudencia y Legislación de España _9217612 |
||
| 852 |
_aES-MaACL _jC-5877 _bR.34631 |
||
| 999 |
_c122175 _d122175 |
||